¿Qué es una política de población?

Сохранить в:
Библиографические подробности
Главный автор: Begman, Elihu
Формат: Текст
Опубликовано: s.n.t. :
Метки: Добавить метку
Нет меток, Требуется 1-ая метка записи!

MARC

LEADER 00000 a a2200000 04500
001 16789
003
040
090 |a 006200  
100 |a Begman, Elihu  
245 |a ¿Qué es una política de población?  
260 |a s.n.t. :  
300 |a 14 p.  
999 |c 9360  |d 9360